Civilisation US : Dates importantes - Statistiques

Statistiques générales
  • Ce quiz a été pris 26 fois
  • Le résultat moyen est 11 sur 54
Statistiques - réponses
Hint Réponse % Correct
Biggest economic crisis 1929
53%
First Black President 2008
47%
On the 4th of July, a document was signed 1776
41%
Slavery is abolished by Abraham Lincoln 1863
41%
Martin Luther King delivers a speech 1963
41%
Biggest terrorist attack in the history of US 2001
41%
Abortion rights are overturned 2022
41%
Foundation of the first permanent Englishsettlement in North America 1607
35%
Japan attack the US, leading them to join WWII 1941
35%
Declaration of Independence
35%
Election of Barack Obama
35%
First humans on the moon 1969
29%
Cold War
29%
Indian Removal Act (+ The Trail of Tears)
29%
Pearl Harbor attack
29%
First significant revolt against British power andtaxation 1773
24%
This document is the main law document in theUS 1787
24%
War over slave rights 1861-1865
24%
Women can vote 1920
24%
Very violent response to the Japanese,putting an end to WWII 1945
24%
Two massive nations fight over the control of the planet,and even the galaxy 1947-1991
24%
American Civil War
24%
Boston Tea Party
24%
I Have a Dream (+ March on Washington)
24%
Jamestown
24%
New Deal
24%
War against Great Britain 1775-1783
18%
Terrible economic period that follows 1929-1939
18%
Abortion is legal thanks to that case 1973
18%
Atomic bombings in Hiroshima and Nagasaki
18%
Great Depression
18%
Wall Street Crash
18%
World Trade Center attack
18%
The latter is composed of another important document 1791
12%
Native Americans are forced to leave their territory 1830
12%
Roosevelt's program to try to fix this situation 1933-1939
12%
Invasion of Iraq
12%
US Constitution
12%
Vietnam War
12%
Watergate
12%
Jim Crow laws begin to exist due to this case 1896
6%
Biggest actual war and illustration of this conflict 1955-1975
6%
No more segregation 1964-1965
6%
Huge scandal that leads to Nixon's destitution 1972-1974
6%
19th Amendment
6%
In response, the US decide to spread "freedom and democracy" 2003-2011
6%
American War of Independence
6%
Apollo 11
6%
Bill of Rights
6%
Civil Rights Act and Voting Rights Act
6%
Emancipation Proclamation
6%
Plessy vs Ferguson
6%
Roe vs Wade
6%
Roe vs Wade Overturning
6%
Aucun quiz correspondant
Distribution des résultats
% des personnes avec chaque résultat
Percentile par nombre de réponses
Votre historique - résultats
Vous n’avez pas pris ce quiz